000 00514nam a2200205Ia 4500
005 20240823022124.0
008 240823s9999||||xx |||||||||||||| ||und||
020 _a81-7992-562-5
041 _aENGLISH
082 _A629.8312 P6
100 _aSivanandam S N
245 0 _aControl System Engineering (Problems and Solutions)
250 _a1st
260 _c2006
_b"Jaico Pub,M"
_aMumbai
500 _aYES
650 _aControl System
_bElectronics
700 _a Deepa S N
942 _cBK
999 _c178405
_d178405